MEDACTA 1997 v Nitre

11.-13.6.1997 sa konala v Nitre medzinárodná výstava učebných pomôcok a didaktickej techniky.Učebné pomôcky boli rozdelené do viacerých kategórií a zároveň s výstavou prebiehali aj sprievodné podujatia, na ktorých sa najmä učitelia mohli oboznámiť s novými výrobkami a možnosťami ich dodávok do škôl....

Full description

Bibliographic Details
Main Author: I.B (Author)
Format: Article
Language:Slovak
Subjects:

MARC

LEADER 00000nab a2200000 a 4500
001 vtls001502227
003 SK-MaSNL
005 20260304211727.0
008 140302s1997 xo 000 0 slo
035 |a SPKCL4858 
040 |a SPKCL  |b slo  |c SNKBUCL  |d ÚIP-SPK(TP)  |e AACR2 
041 |a slo 
044 |a xo  |c SK 
080 |a 371.64/.69:061.3  |2 1981 
100 1 |a I.B.  |4 aut  |9 865137 
245 1 0 |a MEDACTA 1997 v Nitre  |c I.B. 
520 |a 11.-13.6.1997 sa konala v Nitre medzinárodná výstava učebných pomôcok a didaktickej techniky.Učebné pomôcky boli rozdelené do viacerých kategórií a zároveň s výstavou prebiehali aj sprievodné podujatia, na ktorých sa najmä učitelia mohli oboznámiť s novými výrobkami a možnosťami ich dodávok do škôl. 
611 2 7 |a MEDACTA  |d (1997 :  |c Nitra, Slovensko)  |2 snkbucl  |9 84655 
650 0 7 |a učebné pomôcky  |2 SNKPH  |9 13833 
650 0 7 |a medzinárodné výstavy  |2 SNKPH  |9 1034460 
773 1 |t Učiteľské noviny  |g Roč. 47, č. 25 (1997) s.1 
850 |a Slovenská pedagogická knižnica Bratislava 
852 |a SPKCL  |b KIS3GCP  |b 000710000  |n SK 
999 |c 3129239  |d 3131169